| 000 | 00538nam a22001811a 4500 | ||
|---|---|---|---|
| 001 | 4675 | ||
| 003 | OSt | ||
| 005 | 20260204211942.0 | ||
| 008 | 050905s1981||||dr ||||||b||||||||||spa|| | ||
| 050 | _a650.0078 H431a | ||
| 100 | _aHernández, José María | ||
| 245 | _aAdministración y desarrolo. Exposiciones y disertaciones / José María Hernández | ||
| 264 | _aSanto Domingo : ONAP | ||
| 300 | _a241 p | ||
| 490 | _aColección estudio administrativos No. 5 | ||
| 650 | _a1.Administración Pública - DesarrolloÌ | ||
| 942 |
_2ddc _cBK |
||
| 999 |
_c4675 _d4675 |
||